Proofs of Christianity. (Record no. 8661)

000 -LEADER
fixed length control field 00883nam a2200241 a 4500
001 - CONTROL NUMBER
control field :::00006437$&:&@@
003 - CONTROL NUMBER IDENTIFIER
control field OkBaRHE
005 - DATE AND TIME OF LATEST TRANSACTION
control field 20000607103331.0
008 - FIXED-LENGTH DATA ELEMENTS--GENERAL INFORMATION
fixed length control field s1977 j 000 0 eng u
020 ## - INTERNATIONAL STANDARD BOOK NUMBER
International Standard Book Number 0882439111
040 ## - CATALOGING SOURCE
Transcribing agency
100 1# - MAIN ENTRY--PERSONAL NAME
Personal name Harris, Charles, 1927-
245 10 - TITLE STATEMENT
Title Proofs of Christianity.
260 ## - PUBLICATION, DISTRIBUTION, ETC. (IMPRINT)
Place of publication, distribution, etc Springfield, MO., :
Name of publisher, distributor, etc Gospel Publishing House
Date of publication, distribution, etc c1977
300 ## - PHYSICAL DESCRIPTION
Extent 125 p. ;
Dimensions 18 cm.
490 0# - SERIES STATEMENT
Series statement Radiant books.
650 ## - SUBJECT ADDED ENTRY--TOPICAL TERM
Topical term or geographic name as entry element Apologetics
General subdivision 20th Century
700 ## - ADDED ENTRY--PERSONAL NAME
Personal name Johns, Donald F., 1922- , Proofs of Christianity.
942 ## - ADDED ENTRY ELEMENTS (KOHA)
Source of classification or shelving scheme
Koha item type Books
Copies
Total Checkouts Koha item type Lost status Date last seen Barcode Copy number Date acquired Permanent Location Damaged status Price effective from Shelving location Not for loan Date checked out Current Location Withdrawn status Source of classification or shelving scheme Full call number
 Books 2010-04-141518222010-04-14RHEMA Bible Training College 2010-04-14General Stacks     BT 1102 .H33
 Books 2010-04-142052232010-04-14RHEMA Bible Training College 2010-04-14General Stacks     BT 1102 .H33
1Books 2014-01-31643712010-04-14RHEMA Bible Training College 2010-04-14General Stacks 2013-09-20RHEMA Bible Training College  BT 1102 .H33